| 000 | 00452nam a22001457a 4500 | ||
|---|---|---|---|
| 005 | 20240830101907.0 | ||
| 008 | 240830b |||||||| |||| 00| 0 eng d | ||
| 041 | _aAfrikaans | ||
| 082 | _a349 HAT | ||
| 100 | _lAfrikaans | ||
| 245 |
_aVerklarende Handwoordeboek van die Afrikaanse Taal _credakteurs F.F Odendal en R.H. Gouws |
||
| 300 |
_bxx, 1386 pages; _c26 cm. |
||
| 650 |
_aLegal practice _bLaw |
||
| 942 |
_cBK _6ALISON_BN_VRIES |
||
| 999 |
_c2963 _d2963 |
||